000 00394nam a2200109Ia 4500
008 160909s9999 xx 000 0 und d
100 _aO'Neill, Vanessa
245 _aPromoting mental health in communities: A grant proposal
260 _bCalifornia State University, Long Beach.
_c2016
650 _aHUMAN RESOURCE MANAGEMENT
856 _uhttp://pqdtopen.proquest.com/doc/1765689785.html?FMT=ABS
999 _c304666
_d304666